| 000 | 00412nam a22001577a 4500 | ||
|---|---|---|---|
| 999 |
_c7928 _d7928 |
||
| 003 | OSt | ||
| 005 | 20190320123857.0 | ||
| 008 | 190320b ||||| |||| 00| 0 eng d | ||
| 040 | _cDLC | ||
| 082 |
_a494 _bP635P |
||
| 100 | _aPike, wentworth | ||
| 245 |
_aPrabhui Prathana Ke Siphant/ _cBy wentworth Pike |
||
| 260 |
_aIndia: _bHarevst Mission Publication: _cc. 2003 |
||
| 300 |
_a248 p.; _c20 cm |
||
| 942 |
_2ddc _cBK |
||